logo

Bir Sreshtho Munshi Abdur Rouf Library
Jhenaidah Cadet College

কবিতাসমগ্র / (Record no. 3584)

MARC details
000 -LEADER
fixed length control field 00680nam a2200229 a 4500
001 - CONTROL NUMBER
JCCL Control Number 3584
003 - CONTROL NUMBER IDENTIFIER
JCCL marc code BD-JhCC
005 - DATE AND TIME OF LATEST TRANSACTION
control field 20220622134024.0
008 - FIXED-LENGTH DATA ELEMENTS--GENERAL INFORMATION
fixed length control field 171115s2001 bg |||| |||| 00| 0 ben d
020 ## - INTERNATIONAL STANDARD BOOK NUMBER
International Standard Book Number 9844120586
035 ## - SYSTEM CONTROL NUMBER
system control number (BD-JhCC)3584
040 ## - CATALOGING SOURCE
Original cataloging agency BD-JhCC
Modifying agency BD-JhCC
041 ## - LANGUAGE CODE
Language code of Book ben
082 ## - DEWEY DECIMAL CLASSIFICATION NUMBER
Classification number 891.4415
Author mark and Year OBI 2001
100 ## - MAIN ENTRY--PERSONAL NAME
Personal name ওবায়দুল্লাহ, আবু জাফর
245 ## - TITLE STATEMENT
Title কবিতাসমগ্র /
Statement of responsibility, etc আবু জাফর ওবায়দুল্লাহ
260 ## - PUBLICATION, DISTRIBUTION, ETC. (IMPRINT)
Place of publication, distribution, etc ঢাকা :
Name of publisher, distributor, etc অনন্যা,
Date of publication, distribution, etc 2001.
300 ## - PHYSICAL DESCRIPTION
Pagination 179 p. :
Dimensions 22 cm.
650 ## - SUBJECT ADDED ENTRY--TOPICAL TERM
Topical term or geographic name as entry element Collection of Poem
942 ## - ADDED ENTRY ELEMENTS (KOHA)
Source of classification or shelving scheme Dewey Decimal Classification
Koha item type Books
Koha issues (borrowed), all copies 3
Holdings
Source of classification or shelving scheme Damaged status Not for loan Home library Current library Date of accession Source of acquisition Cost, normal purchase price Total Checkouts Full call number Barcode Date last seen Date checked out Copy number Koha item type Shelving location
Dewey Decimal Classification     JCC Rouf Library JCC Rouf Library 11/15/2017 Foundation Of Tenth's Efforts 120.00 3 891.4415 OBI 2001 5313 02/16/2025 02/04/2025 C-1 Books  
Dewey Decimal Classification     JCC Rouf Library JCC Rouf Library 11/15/2017 Foundation Of Tenth's Efforts 120.00 3 891.4415 OBI 2001 5311 02/22/2024 02/06/2024 C-2 Books General Stacks

JCC Library | Contacts | JCC Home

Last Update on 23 September 2017
Copyright @ 2017-2020 JCC Rouf Library
Rouf Library, Jhenidah Cadet College (JCC), Bangladesh